Score 0/23 Timer 05:00
33 Plays Today
% Correct
Washington, D.C.
95.7%
Mexico City
94.9%
Ottawa
94.2%
Panama City
92.3%
Havana
91.4%
Guatemala City
87.4%
San Salvador
86.9%
Port-au-Prince
82.5%
Kingston
76.8%
Nassau
73.3%
Santo Domingo
72.6%
San José
68.5%
% Correct
Managua
66.7%
Tegucigalpa
59.5%
Belmopan
53.7%
Port of Spain
50%
Bridgetown
47.6%
Saint George's
36.8%
Castries
36.1%
Roseau
35.6%
Saint John's
34.9%
Basseterre
32.4%
Kingstown
30%
Remove Ads.
Support Sporcle.
Get the best of Sporcle when you Go Orange. This ad-free experience offers more features, more stats, and more fun while also helping to support Sporcle. Thank you for becoming a member.

You're not logged in!

Compare scores with friends on all Sporcle quizzes.
OR
Log In

Sporcle TV

Today on Sporcle TV


Watch our educational content, quiz creation guides, and fun videos on Sporcle TV.

Show Comments

Extras

Top Quizzes Today


Score Distribution

Paid Content

Your Account Isn't Verified!

In order to create a playlist on Sporcle, you need to verify the email address you used during registration. Go to your Sporcle Settings to finish the process.

Report this User

Report this user for behavior that violates our Community Guidelines.

Details: